<?xml version="1.0" encoding="UTF-8"?>
<record
    xmlns:xsi="http://www.w3.org/2001/XMLSchema-instance"
    xsi:schemaLocation="http://www.loc.gov/MARC21/slim http://www.loc.gov/standards/marcxml/schema/MARC21slim.xsd"
    xmlns="http://www.loc.gov/MARC21/slim">

  <leader>00953cam a22002531  4500</leader>
  <controlfield tag="001">he 66001503 </controlfield>
  <controlfield tag="003">DLC</controlfield>
  <controlfield tag="005">20260227111441.0</controlfield>
  <controlfield tag="008">850123s1876    pl            000 0 heb  </controlfield>
  <datafield tag="010" ind1=" " ind2=" ">
    <subfield code="a">he 66001503 </subfield>
  </datafield>
  <datafield tag="035" ind1=" " ind2=" ">
    <subfield code="a">(OCoLC)19203038</subfield>
  </datafield>
  <datafield tag="040" ind1=" " ind2=" ">
    <subfield code="a">DLC</subfield>
    <subfield code="c">MH</subfield>
    <subfield code="d">CU</subfield>
    <subfield code="d">DLC</subfield>
  </datafield>
  <datafield tag="042" ind1=" " ind2=" ">
    <subfield code="a">premarc</subfield>
  </datafield>
  <datafield tag="050" ind1="0" ind2="0">
    <subfield code="a">BM517</subfield>
    <subfield code="b">.A3 1876</subfield>
  </datafield>
  <datafield tag="130" ind1="0" ind2=" ">
    <subfield code="a">Midrash Aggadat Bereshit.</subfield>
  </datafield>
  <datafield tag="245" ind1="1" ind2="0">
    <subfield code="a">Midrash agadat Bereshit :</subfield>
    <subfield code="b">derushim...&#x2BB;im perushe &#x2BB;Ets Yosef, &#x2BB;Anaf Yosef, &#x1E7F;e-Yad Yosef... /</subfield>
    <subfield code="c">me-et...&#x1E24;anokh Zundl... ; Midrash temurah...Masekhet kele Bet ha-mi&#x1E33;dash, Ma&#x2BB;a&#x15B;eh de-Rabi Yehoshu&#x2BB;a ben Le&#x1E7F;i, Masekhet atsilut u-varaita mi-pir&#x1E33;e ha-merkavah...u-varaita di-melekhet ha-mish&#x1E33;an..</subfield>
  </datafield>
  <datafield tag="260" ind1=" " ind2=" ">
    <subfield code="a">Warsaw :</subfield>
    <subfield code="b">Bi-defus Y. Lebenzohn,</subfield>
    <subfield code="c">636, 1876.</subfield>
  </datafield>
  <datafield tag="300" ind1=" " ind2=" ">
    <subfield code="a">132 p. ;</subfield>
    <subfield code="c">23 cm.</subfield>
  </datafield>
  <datafield tag="700" ind1="0" ind2=" ">
    <subfield code="a">Enoch Zondel ben Joseph,</subfield>
    <subfield code="d">-1867.</subfield>
  </datafield>
  <datafield tag="740" ind1="0" ind2=" ">
    <subfield code="a">&#x2BB;Ets Yosef.</subfield>
  </datafield>
  <datafield tag="740" ind1="0" ind2=" ">
    <subfield code="a">&#x2BB;Anaf Yosef.</subfield>
  </datafield>
  <datafield tag="740" ind1="0" ind2=" ">
    <subfield code="a">Yad Yosef.</subfield>
  </datafield>
  <datafield tag="752" ind1=" " ind2=" ">
    <subfield code="a">Poland</subfield>
    <subfield code="d">Warsaw</subfield>
  </datafield>
  <datafield tag="999" ind1=" " ind2=" ">
    <subfield code="c">31918</subfield>
    <subfield code="d">31918</subfield>
  </datafield>
</record>
